Off design performance of a single stage axial flow compressor (Record no. 325613)

000 -LEADER
fixed length control field 00421 a2200133 4500
001 - CONTROL NUMBER
control field 90540
082 ## - DEWEY DECIMAL CLASSIFICATION NUMBER
Classification number PR 946
090 ## - LOCALLY ASSIGNED LC-TYPE CALL NUMBER (OCLC); LOCAL CALL NUMBER (RLIN)
-- 42874
-- 42874
100 ## - MAIN ENTRY--PERSONAL NAME
Personal name Aftab Aslam Rana; SKN Zaidi & Khalid Parvez & Irfan ul haq, advisors
245 ## - TITLE STATEMENT
Title Off design performance of a single stage axial flow compressor
Number of part/section of a work G-26
260 ## - PUBLICATION, DISTRIBUTION, ETC.
Place of publication, distribution, etc. Karachi
Name of publisher, distributor, etc. NED University
Date of publication, distribution, etc. 1987
300 ## - PHYSICAL DESCRIPTION
Extent xi, 104 p.
Other physical details hand written
500 ## - GENERAL NOTE
General note BE Project Reports
942 ## - ADDED ENTRY ELEMENTS (KOHA)
Institution code [OBSOLETE] CAE NUST
Call number prefix PR 946
Holdings
Withdrawn status Lost status Damaged status Not for loan Collection code Permanent Location Current Location Date acquired Total Checkouts Full call number Barcode Date last seen Price effective from Koha item type
          College of Aeronautical Engineering (CAE) College of Aeronautical Engineering (CAE) 04/03/2017   PR 946 CAEPR-946 04/05/2017 04/05/2017 Book
© 2023 Central Library, National University of Sciences and Technology. All Rights Reserved.